MARC

Tag First Indicator Second Indicator Subfields
LEADER 00000cam a2200000 a 4500
001 in00000080079
005 20151008055315.0
008 820810s1981 sw a b f10100 eng
010 |a  81177988  
015 |a S*** 
020 |a 9154602904 
035 |a (OCoLC)07563639 
035 |9 AAJ3114AM 
040 |a DLC  |c DLC  |d m/c  |d TXA  |d UtOrBLW 
049 |a TXAM  |c [800902] 
050 0 0 |a QH344  |b .T47 1981 
082 0 |a 574.5/264  |2 19 
090 |a QH344  |b .T46 
245 0 0 |a Terrestrial nitrogen cycles :  |b processes, ecosystem strategies, and management impacts /  |c F.E. Clark and T. Rosswall, editors. 
264 1 |a [Stockholm] :  |b [Swedish Natural Science Research Council],  |c [1981] 
264 4 |c ©1981 
300 |a 714 pages :  |b illustrations ;  |c 25 cm. 
336 |a text  |b txt  |2 rdacontent 
337 |a unmediated  |b n  |2 rdamedia 
338 |a volume  |b nc  |2 rdacarrier 
490 1 |a Ecological bulletins,  |x 0346-6868 ;  |v no. 33 
500 |a "Proceedings of an international workshop arranged by the SCOPE/UNEP International Nitrogen Unit of the Royal Swedish Academy of Sciences and the Commission for Research on Natural Resources of the Swedish Council for Planning and Coordination of Research, at Gysinge Värdshus, Österfärnebo, Sweden, 16-22 September 1979." 
504 |a Includes bibliographies and index. 
650 0 |a Nitrogen cycle  |x Congresses. 
700 1 |a Clark, F. E.  |q (Francis Eugene),  |d 1910- 
700 1 |a Rosswall, T.  |q (Thomas) 
710 2 |a Scientific Committee on Problems of the Environmental. 
710 2 |a United Nations Environment Programme. 
710 2 |a Statens naturvetenskapliga forskningsråd (Sweden) 
710 2 |a Kungl. Svenska vetenskapsakademien. 
710 2 |a SCOPE/UNEP International Nitrogen Unit. 
830 0 |a Ecological bulletins ;  |v no. 33. 
999 |a MARS 
999 f f |s 5303a8d0-e75d-3125-ab8b-32f3292483e9  |i 28c24163-2ded-30ab-9ee7-a55d3aaff1d6  |t 0 
952 f f |p ric  |a Texas A&M University  |b Rellis Campus  |c Joint Library Facility  |d Remote Storage  |t 0  |e QH344 .T46  |h Library of Congress classification  |i unmediated -- volume  |m A14806216559 
998 f f |a QH344 .T46  |t 0  |l Remote Storage